| 000 | 01067nam a22002537a 4500 | ||
|---|---|---|---|
| 005 | 20240530110406.0 | ||
| 008 | 150202s2011 ua dof g b 000 0 ara d | ||
| 040 | _aEG-CaGPL | ||
| 041 | 0 | _aara | |
| 082 | 0 | 4 |
_221 _a155.4\ _bع س |
| 100 | 0 | _aعبدالفتاح على غزال | |
| 245 | 1 | 0 |
_aسيكولوجية ملاحظة الاطفال : _bالنظرية - التطبيق - التدريب / _cتاليف عبدالفتاح على غزال |
| 260 |
_aالاسكندرية : _bدرا المعرفة الجامعية ، _c2011 |
||
| 300 |
_a239 ص : _bايض ؛ _c24 سم |
||
| 490 |
_aسلسلة دراسات و قضايا : الطفولة المبكرة و رياض الاطفال ؛ _v1 |
||
| 504 | _aيشتمل على ارجاعات ببليوجرافية | ||
| 650 | 0 | 4 |
_aالاطفال _xعلم النفس |
| 650 | 0 | 4 | _aالاطفال الشواذ |
| 650 | 0 | 4 | _aالاباء و الابناء |
| 650 | 0 | 4 |
_aالاطفال _xرعاية |
| 650 | 0 | 4 | _aعلم النفس التربوى |
| 942 |
_2ddc _cBK |
||
| 999 |
_c60355 _d60355 |
||